Staatskunst und diplomatie der Venezianer im spiegel ihrer gesandtenberichte.

Bibliographic Details
Main Author: Andreas, Willy, 1884-
Format: Book
Language:German
Published: Leipzig : Koehler & Amelang, [1943]
Subjects:

MARC

Tag First Indicator Second Indicator Subfields
LEADER 00000cam a2200000 i 4500
001 in00003473452
005 20151206104851.0
008 770207s1943 ge b 00000 ger d
035 |a (OCoLC)ocm02723865 
040 |a CIN  |c CIN  |d TNY  |d UtOrBLW 
090 |a DG676.9  |b .A5 
100 1 |a Andreas, Willy,  |d 1884- 
245 1 0 |a Staatskunst und diplomatie der Venezianer im spiegel ihrer gesandtenberichte. 
264 1 |a Leipzig :  |b Koehler & Amelang,  |c [1943] 
264 4 |c [©1943] 
300 |a 289 pages ;  |c 22 cm. 
336 |a text  |b txt  |2 rdacontent 
337 |a unmediated  |b n  |2 rdamedia 
338 |a volume  |b nc  |2 rdacarrier 
504 |a Bibliographical foot-notes. 
651 0 |a Venice (Italy)  |x Foreign relations. 
999 |a MARS 
999 f f |s 9a787b8e-08ca-3695-9824-cdb1e241b268  |i 4f32f535-4dd5-3ccc-8c4b-c1776b69b9cf  |t 0 
952 f f |p ric  |a Texas A&M University  |b Rellis Campus  |c Joint Library Facility  |d Remote Storage  |t 0  |e DG676.9 .A5  |h Library of Congress classification  |i unmediated -- volume  |m 32060004444598 
998 f f |a DG676.9 .A5  |t 0  |l Remote Storage